000
00215 a2200097 4500
001
22543
100
_a
Grant, E L
245
_a
Principles of Engineering Economy
260
_a
_b
Ronald
_c
1964
090
_c
15211
_d
15211
942
_a
NUST-CAE
_c
M
_c
5794
999
_c
257616
_d
257616